| 000 | 01391nam0a22002891 4500 | ||
|---|---|---|---|
| 001 | rc\821604 | ||
| 005 | 20250622003655.0 | ||
| 035 | _a(NLR Aleph) 006004259 | ||
| 090 |
_a7261023 _c7261023 |
||
| 100 | _a20041129d1983 |||y0rusy50 ca | ||
| 101 | 0 | _arus | |
| 102 | _aRU | ||
| 105 | _aa ||||||||| | ||
| 200 | 1 |
_aДидактический материал по русскому языку _fР.М. Боскис, А.Г. Зикеев, К.Г. Коровин |
|
| 210 |
_aМ. _cПросвещение _d1983 |
||
| 215 |
_a111 с. _cил. _d21 |
||
| 300 | _aПрил. к учеб. "Рус. яз." для 1-го кл. шк. слабослышащих (2-е отд-ние) | ||
| 300 | _aТекст на одной стороне л. | ||
| 421 | 0 |
_12001#$aДидактический материал по русскому языку$fР.М. Боскис, А.Г. Зикеев, К.Г. Коровин _1210##$d1983 _1215##$a111 с.$cил. _tДидактический материал по русскому языку |
|
| 700 | 1 |
_aБоскис _bР.М. _gРахиль Марковна |
|
| 701 | 1 |
_7ca _8rus _aЗикеев _bА. Г. _f1921-2009 _gАнатолий Георгиевич _9222156 _3RU\NLR\AUTH\770222212 |
|
| 701 | 1 |
_aКоровин _bК.Г. _gКирилл Георгиевич |
|
| 801 | 0 |
_aRU _bNLR _gpsbo |
|
| 801 | 1 |
_aRU _bELAR _2rusmarc |
|
| 852 |
_aNLR _j85-5/6402 |
||
| 942 | _cBOOK | ||
| 980 | _aNB | ||